Normal view
MARC view
- Emami-Naeini, Abbas
Entry Personal Name
001 - CONTROL NUMBER
- control field: 99439
003 - CONTROL NUMBER IDENTIFIER
- control field: NUST
005 - DATE AND TIME OF LATEST TRANSACTION
- control field: 20221007100249.0
008 - FIXED-LENGTH DATA ELEMENTS
- fixed length control field: 221007|| aca||aabn | a|a d
040 ## - CATALOGING SOURCE
- Original cataloging agency: NUST
- Transcribing agency: NUST
100 ## - HEADING--PERSONAL NAME
- Personal name: Emami-Naeini, Abbas
670 ## - SOURCE DATA FOUND
- Source citation: Work cat.: (NUST)179029: Franklin, Gene F. 91744, Feedback control of dynamic systems /, 2009.
